Polscy piłkarze którzy grali w Premier League - Statystyki

Ogólne statystyki
  • Ten quiz został rozwiązany 60 razy
    10 od ostatniego zresetowania
  • Średni wynik to 13 z 22
Statystyki odpowiedzi
Klub Rok Zawodnik % Poprawnych
Southampton FC 2018 - teraz Jan Bednarek
100%
Brighton & Hove Albion 2021 - 2025 Jakub Moder
100%
Aston Villa 2020 - teraz Matty Cash
100%
Southampton Bournemouth 2012-142015-19 Artur Boruc
86%
Arsenal 2010-15 Wojciech Szczęsny
86%
Arsenal 2023 - 2025(obecnie na wyp.) Jakub Kiwior
86%
Hull CityWest Bromwich Albion 20172020-21 Kamil Grosicki
86%
Arsenal Swansea
West Ham
2008-1414-18 18- teraz Łukasz Fabiański
86%
West Bromwich Albion 2017-18 Grzegorz Krychowiak
71%
Leicester 2014-16 Marcin Wasilewski
71%
Leeds United 2017-2023 Mateusz Klich
71%
West Bromwich AlbionManchester United 2004-0606-12 Tomasz Kuszczak
71%
Portsmouth FC 2006 Emmanuel Olisadebe
57%
Liverpool 2001-07 Jerzy Dudek
57%
TottenhamBolton Wanderers 2005-062008 Grzegorz Rasiak
43%
Norwich City 2021-22 Przemysław Płacheta
43%
Bolton Wanderers 2008-09 Euzebiusz Smolarek
29%
Everton FC 1992-94 Robert Warzycha
29%
Birmingham City FC 2003 Piotr Świerczewski
14%
Aston VillaSunderland 19931996-97 Dariusz Kubicki
0%
Bolton Wanderers 2006 Jarosław Fojut
0%
Coventry City FC 1993 Zbigniew Kruszyński
0%
Nie znaleziono quizów pasujących do podanych kryteriów
Rozkład punktacji
Procent ludzi z każdym wynikiem
Percentyl według liczby udzielonych odpowiedzi
Twoja historia wyników
Nie rozwiązałeś tego quizu od ostatniego zresetowania